Arco iris 5: religión católica, 3er ciclo E.P
Uloženo v:
| Hlavní autoři: | , , , , |
|---|---|
| Médium: | Kniha |
| Jazyk: | španělština |
| Vydáno: |
Madrid
Bruño
1994
|
| Témata: | |
| Tagy: |
Přidat tag
Žádné tagy, Buďte první, kdo vytvoří štítek k tomuto záznamu!
|
MARC
| LEADER | 00000nam a2200000 a 4500 | ||
|---|---|---|---|
| 001 | UCP4733 | ||
| 003 | CL-VaPUC | ||
| 008 | 990813e19940000SP |||||||||||||||||spa|d | ||
| 082 | 0 | 4 | |a 372.84 |b PER |2 21 |
| 100 | 0 | |a Pérez Urroz, Alejandro |e author |9 432553 | |
| 700 | 0 | |a Bueno Heras, Carmelo |e author |9 432554 | |
| 700 | 0 | |a Pérez Landáburu, Encarnación |e author |9 432555 | |
| 700 | 0 | |a Tarradas de Luque, Carmen |e author |9 432556 | |
| 700 | |a García Franco, Pedro María |e author |9 433488 | ||
| 245 | 1 | 0 | |a Arco iris 5: religión católica, 3er ciclo E.P |
| 300 | |a 95 p | ||
| 942 | |c BK | ||
| 945 | |d 19990813 00:00:00 |a rbrito | ||
| 260 | |a Madrid |b Bruño |c 1994 | ||
| 500 | |a En forma separada cassette de canciones | ||
| 650 | 0 | |a Educación básica |9 224933 | |
| 650 | 0 | |a Enseñanza de la religión |9 432005 | |
| 650 | 0 | |a Libros de texto |9 270019 | |
| 650 | 0 | |a Religión católica |9 399371 | |
| 583 | |a last modification |c 20170828 10:37:04 |k Rodrigo Vera | ||
| 999 | |c 282634 |d 282632 | ||
| 952 | |0 0 |1 0 |4 0 |6 372_840000000000000_PER_1994 |7 0 |8 A |9 324680 |a BIBEDU |b BIBEDU |d 2019-11-20 |i 3541258 |o 372.84 PER 1994 |p 3541258 |r 2019-11-20 |w 2019-11-20 |y BK |k BME | ||
| 952 | |0 0 |1 0 |4 0 |6 372_840000000000000_PER_1994 |7 0 |8 A |9 324681 |a BIBEDU |b BIBEDU |d 2019-11-20 |i 3541533 |o 372.84 PER 1994 |p 3541533 |r 2019-11-20 |w 2019-11-20 |y BK |k BME | ||